Kontynenty świata w 30 sekund! - Statystyki

Ogólne statystyki
  • Ten quiz został rozwiązany 171 razy
  • Średni wynik to 6 z 7
Statystyki odpowiedzi
L.p. Kontynent % Poprawnych
5. Europa
97%
3. Azja
96%
6. Ameryka Północna
90%
7. Ameryka Południowa
88%
1. Afryka
82%
4. Australia
78%
2. Antarktyda
62%
Nie znaleziono quizów pasujących do podanych kryteriów
Rozkład punktacji
Procent ludzi z każdym wynikiem
Percentyl według liczby udzielonych odpowiedzi
Twoja historia wyników
Nie rozwiązałeś tego quizu